000 01025nam2a2200265 4500
001 RU\NLR\bibl\934429
005 20250614193316.0
010 _a5-85407-022-7
_913000
021 _aRU
_b2006-9143
_9439
035 _a(NLR Aleph) 000922633
090 _a109587
_c109587
100 _a20060418d2005 |||y0rusy50 ca
101 0 _arus
102 _aRU
105 _aa |||||||||
200 0 _a2006-2007
_f[И.Ц. Зброшко и др.]
210 _d2005
_aБ. м.
215 _a366,[1] с., 48 с. цв. ил.
_cил.
461 0 _1001RU\NLR\bibl\970072
_12001#$aЛуна над грядками$v2006-2007
_9321684
_cМосква
_d2005
_nМетафора
_oкалендарь сезонных работ в саду : [подлунное земледелие : советы агронома на каждый день]
_tЛуна над грядками
_v2006-2007
702 1 _aЗброшко
_bИ. Ц.
_4220
801 0 _aRU
_bNLR
_c20060418
_grcr
801 1 _aRU
_bNLR
_c20060418
942 _cBOOK
980 _aNB